| 000 | 00352nam a2200145Ia 4500 | ||
|---|---|---|---|
| 008 | 230917s9999||||xx |||||||||||||| ||und|| | ||
| 040 |
_e8826 _aMAIN |
||
| 041 | _aEnglish | ||
| 082 | _a327.54 D612T | ||
| 100 | _aDinesh Singh | ||
| 245 | 0 | _aTowards new horizons | |
| 260 |
_aBombay _bVakils, Feffer and Simons _c1970 |
||
| 300 | _a257 p. | ||
| 942 | _cBK | ||
| 999 |
_c79500 _d79500 |
||